TUBERKULÓZA V SLOVENSKEJ REPUBLIKE V ROKU 1993

Bibliographic Details
Main Authors: Bajan, Anton, 1927-2009 (Author), Trenkler, J. (Author)
Format: Article
Language:Slovak

MARC

LEADER 00000nab a2200000ua 4500
001 vtls010804557
003 SK-MaSNL
005 20260303152829.0
008 230222s1994 xo |||||||||||||||||slo|
035 |a (urnnbn)urn:nbn:sk:snk:ar-a06846 
035 |a (uuid)91a8bae5-4df2-449c-ad6f-c10d9fd3aef0 
035 |a urn:nbn:sk:snk-ab4ww6 
040 |a SNKBUCL  |b slo  |c SNKBUCL  |e AACR2 
041 0 |a slo 
044 |a xo  |c SK 
100 1 |a Bajan, Anton,  |d 1927-2009  |4 aut  |9 117001 
245 1 0 |a TUBERKULÓZA V SLOVENSKEJ REPUBLIKE V ROKU 1993  |c A. Bajan, J. Trenkler 
700 1 |a Trenkler, J.  |4 aut  |9 815193 
773 0 |t Studia pneumologica et phtiseologica : časopis Slovenskej pneumologickej a ftizeologickej spoločnosti a České pneumolologické a ftizeologické společnosti  |g Roč. 54, č. 5 (1994), s. 326-332 
954 |a odborná, vedecká literatúra pôvodná (slovenská)  |2 lita 
958 |a OND 
958 |a EUIPO 
958 |a article3 
999 |c 2025035  |d 2026965